00954nam a2200229 a 450000100100000000500170001000800410002704000250006808200150009310000330010824501010014126000860024230000280032849000570035650000420041350000380045550400290049383000620052204900090058495201140059399900170070700002383420200930022513.0110114s1995 dr ab 000 0 spa d aDO-SdBNPbspacBNPHU axxxbB792m1 aBoyrie Moya, Emile de93520010aMonumento megalítico y petroglifos de Chacuey, República Dominicana /cEmile de Boyrie Moya. aSanto Domingo :bInstituto Dominicano de Investigaciones Antropológicas,c1995. a223 p. :bil. ;c24 cm.1 aPublicaciones de la Universidad de Santo Domingov97 aIncluye notas al pie de las páginas aAño del Benefactor de la Patria aBibliografía : 173-205 0aPublicaciones de la Universidad de Santo Domingov979818 aBNPD 00107-18PDaPDbPDcOId2011-01-14iLF1l0oxxx B792mp23834-10r2020-06-25w2020-06-25yLFPDZNo se presta c23330d23330